000 00726nam a2200229 a 4500
001 000748928
003 AM-YEHGA
005 20250617143534.0
008 100707s1975 |||| |||||||||||||rus d
040 _aAM-YeHGA
041 0 _arus
100 1 _aНечкина, Милица Васильевна
245 1 0 _aДекабристы /
_cМ.В. Нечкина; АН СССР.
260 _aМосква :
_bНаука,
_c1975.
300 _a183 с. :
_bил. ;
_c20 см.
440 0 _aИстория нашей Родины
504 _aБиблиогр. в подстроч. примеч.
650 1 4 _aИстория
_zРоссия
653 0 _aДекабристы
710 2 _aАН СССР
090 _c278341
999 _c276690
_d276690